000 00339nam a2200145Ia 4500
008 100122s9999 xx 000 0 und d
082 _b6307
_a823
100 _aनिरंतर ग भा
245 _aभूकंप
260 _c1924
300 _a80
630 _aभूकंप
730 _aभूकंप
942 _cBOOK
999 _c399360
_d399357